00405nam a2200145Ia 45000030006000000050017000060080041000230400009000640410012000730820017000851000009001022450131001112600009002423000008002510Nust20170105110301.0161124s9999 xx 000 0 und d cIGIS aEnglish a910.285bESR aESRI aGovernment of pakistan ministry of Food and Agriculture Soil Survey of Pakistan Reconnaissance Soil Survery RAHIMYAR KHAN 1972 c2004 a147